Development and Validation of Deep Learning Approaches for Detecting Hip Implants from high-resolution X-ray images.
Uložené v:
| Hlavný autor: | |
|---|---|
| Ďalší autori: | |
| Médium: | Rukopis Kniha |
| Jazyk: | Slovak English |
| Vydavateľské údaje: |
2025
|
| Predmet: | |
| On-line prístup: | http://is.stuba.sk/zp/portal_zp.pl?podrobnosti=183587 |
| Tagy: |
Žiadne tagy, Buďte prvý, kto otaguje tento záznam!
|
MARC
| LEADER | 00000ntm a22000003a 4500 | ||
|---|---|---|---|
| 001 | stuzp105771 | ||
| 003 | SK-STU | ||
| 005 | 20250607211535.8 | ||
| 007 | ta | ||
| 008 | 150427s2015----xo-----f-mn---000-0-slo-d | ||
| 040 | |a STU |b slo | ||
| 041 | 0 | |a eng | |
| 100 | 1 | |a Hlavinová, Petra |u 070200 |4 aut |U FIIT Fakulta informatiky a informačných technológií |T FIIT Ústav informatiky, informačných systémov a softvérového inžinierstva |X 110796 |U I200 |Y 179 |7 110796 | |
| 242 | 0 | 1 | |a Vývoj a validácia prístupov hlbokého učenia pre detekciu bedrových implantátov z röntgenových snímok s vysokým rozlíšením. |y slo |
| 245 | 1 | 0 | |a Development and Validation of Deep Learning Approaches for Detecting Hip Implants from high-resolution X-ray images. |
| 260 | |c 2025 | ||
| 650 | 4 | |a Artificial intelligence |2 eng | |
| 650 | 4 | |a Machine learning |2 eng | |
| 650 | 4 | |a Segmentation |2 eng | |
| 650 | 4 | |a CNNs |2 eng | |
| 650 | 4 | |a Uncertainty in AI |2 eng | |
| 650 | 4 | |a Umelá inteligencia |2 slo | |
| 650 | 4 | |a Segmentácia |2 slo | |
| 650 | 4 | |a CNN |2 slo | |
| 650 | 4 | |a Neistota v UI |2 slo | |
| 650 | 4 | |a Strojové učenie |2 slo | |
| 700 | 1 | |a Czanner, Silvester |u 070200 |k Z1 |4 ths |U FIIT Fakulta informatiky a informačných technológií |T FIIT Ústav informatiky, informačných systémov a softvérového inžinierstva |X 114747 |U I200 |Y 179 |7 114747 | |
| 856 | 4 | |u http://is.stuba.sk/zp/portal_zp.pl?podrobnosti=183587 | |